| 000 | 00863nam a2200217Ii 4500 | ||
|---|---|---|---|
| 003 | JO-AjNU | ||
| 008 | 230605s9999||||xx |||||||||||||| ||und|| | ||
| 017 | _a2011/8/3117 | ||
| 040 |
_aJO-AjNU _bara _erda _cJO-AjNU |
||
| 041 | _aara | ||
| 050 | 1 | 4 | _aHG187.4.W32 2012 |
| 100 | 3 |
_aالوادي،محمود حسين/م مشارك: عبدالله ابراهيم نزال, _eauthor _934034 |
|
| 245 | 0 | 0 | _aتسويق الخدمات المصرفية الاسلامية = Marketing Services of Islamic Banking |
| 250 | _aط1 | ||
| 264 | 3 | 1 | _aعمان: دار المسيرة للنشر والتوزيع، 2012 |
| 300 |
_a368ص _bيحتوي على ببلوغرافية من 361-368ص |
||
| 336 |
_atext _btxt _2rdacontent |
||
| 337 |
_aunmediated _bn _2rdamedia |
||
| 338 |
_avolume _bnc _2rdacarrier |
||
| 650 | 4 |
_aالبنوك الإسلامية - تسويق _934035 |
|
| 999 |
_aA13912 _c17480 _d17480 |
||